Epistolario de Emilio Zola (Record no. 168225)

MARC details
000 -LEADER
campo de control de longitud fija 00768nam a22002175i 4500
001 - NÚMERO DE CONTROL
campo de control 168225
003 - IDENTIFICADOR DE NÚMERO DE CONTROL
campo de control ES-MaACL
005 - FECHA Y HORA DE LA ÚLTIMA TRANSACCIÓN
campo de control 20250717013111.0
008 - DATOS DE LONGITUD FIJA--INFORMACIÓN GENERAL
campo de control de longitud fija 990701s1898 sp |||| | spa d
040 ## - FUENTE DE CATALOGACIÓN
Centro catalogador/agencia de origen GA
Lengua de catalogación spa
Centro/agencia transcriptor CCPB | 3D
100 1# - ENTRADA PRINCIPAL--NOMBRE DE PERSONA
Nombre de persona Zola, Émile,
Fechas asociadas al nombre 1840-1902
9 (RLIN) 118331
245 10 - MENCIÓN DEL TÍTULO
Título Epistolario de Emilio Zola
Resto del título : Parte primera /
Mención de responsabilidad, etc. versión castellana de Rafael Luiz López.
260 ## - PUBLICACIÓN, DISTRIBUCIÓN, ETC.
Lugar de publicación, distribución, etc. Barcelona ; Madrid ; Buenos Aires :
Nombre del editor, distribuidor, etc. Casa Editorial Maucci,
Fecha de publicación, distribución, etc. [s.a.]
300 ## - DESCRIPCIÓN FÍSICA
Extensión 286 p. ;
Dimensiones 19 cm.
596 #1 - NOTA AL PIE DE IMPRENTA
NOTA AL PIE DE IMPRENTA Maucci ejerce como editor ca. 1898.
700 21 - ENTRADA AGREGADA--NOMBRE PERSONAL
Nombre de persona Luiz López, Rafael,
Término indicativo de función/relación
9 (RLIN) 129137
752 ## - ENTRADA AGREGADA--NOMBRE JERÁRQUICO DEL LUGAR
País o entidad superior España -
Ciudad Barcelona
752 ## - ENTRADA AGREGADA--NOMBRE JERÁRQUICO DEL LUGAR
País o entidad superior Argentina -
Ciudad Buenos Aires
852 ## - LOCALIZACIÓN
Ubicación ES-MaACL
Número de control de estantería C-4595
Nota libre -- Enc. hol.
Holdings
Estatus retirado Estado de pérdida Estado de daño No para préstamo Biblioteca de origen Biblioteca actual Ubicación en estantería Fecha de adquisición Fuente de adquisición Total de préstamos Signatura topográfica completa Código de barras Visto por última vez Precio de reemplazo Tipo de ítem Koha
        Biblioteca del Ateneo de Madrid Biblioteca del Ateneo de Madrid Sala Palomar 17/01/2008     C-4595 1176513 23/02/2023 23/02/2023 Libro impreso